header

The modern Gothic and literary doubles (Record no. 102176)

MARC details
000 -LEADER
fixed length control field 01578nam a2200361 a 4500
082 04 - DEWEY DECIMAL CLASSIFICATION NUMBER
Classification number 823/.80927
100 1# - MAIN ENTRY--AUTHOR NAME
Personal name Dryden, Linda,
245 14 - TITLE STATEMENT
Title The modern Gothic and literary doubles
260 ## - PUBLICATION, DISTRIBUTION, ETC. (IMPRINT)
Place of publication Houndmills, Basingstoke, Hampshire ;
-- New York :
Name of publisher Palgrave Macmillan,
Year of publication 2003.
300 ## - PHYSICAL DESCRIPTION
Number of Pages xiii, 220 p.
650 #0 - SUBJECT ADDED ENTRY--TOPICAL TERM
Topical Term English literature
Topical Term Gothic revival (Literature)
Topical Term Doubles in literature.
856 40 - ELECTRONIC LOCATION AND ACCESS
Uniform Resource Identifier http://site.ebrary.com/lib/rucke/Doc?id=10103732

No items available.

© 2026 Rongo University
Contact us: librarian | system librarian | Rongo university